000 00383nam a2200145 i 4500
001 bg
245 0 _aMetody statystyczne w sterowaniu jakością :
_bpraca zbiorowa /
_cpod red. Szymona Firkowicz.
260 _aWrocław,
_c1977.
650 9 _aJakość
700 1 _aFIRKOWICZ, Szymon
040 _cBPK
041 _apol
942 _cKS
008 s pl f |000 0 pol
999 _c17701
_d17701
856 _uhttp://koha.tu.koszalin.pl/cgi-bin/koha/opac-detail.pl?biblionumber=17701
_yKatalog online BPK